WCW Starrcade Main Eventers - Statistics

General Stats
  • This quiz has been taken 402 times
  • The average score is 13 of 17
Answer Stats
Main Event Matches Last Main Evented Wrestler % Correct
3 1997 Sting
100%
10 1995 Ric Flair
99%
3 1997 Hollywood Hulk Hogan
98%
2 1999 Goldberg
94%
1 1998 Kevin Nash
94%
1 2000 Scott Steiner
86%
1 1988 Lex Luger
85%
1 1995 Randy Savage
85%
1 1993 Vader
85%
2 1985 Dusty Rhodes
84%
1 1999 Bret Hart
83%
1 2000 Sid Vicious
73%
1 1983 Harley Race
70%
1 1996 Roddy Piper
67%
1 1987 Ron Garvin
45%
1 1994 The Butcher
45%
1 1986 Nikita Koloff
43%
No matching quizzes found
Score Distribution
Percent of People with Each Score
Percentile by Number Answered
Your Score History
You have not taken this quiz